|
|
|
|
| LEADER |
00000cam a2200000 7i4500 |
| 001 |
0000004110 |
| 005 |
20160427.0 |
| 020 |
0 |
0 |
|a 9789670622521
|
| 090 |
0 |
0 |
|a 333.715009595
|b RAM 2016
|
| 245 |
1 |
0 |
|a A guide to mangroves of Johor Ramsar sites
|c Mohd Nasir Husin...[et.all]
|
| 260 |
0 |
0 |
|a Kepong, Selangor :
|b IFRIM ,
|c 2016
|
| 300 |
|
|
|a vi, 115 pages :
|b ill.col. ;
|c 22 cm.
|
| 500 |
0 |
0 |
|a Bibliography: [p. 115]
|
| 650 |
0 |
0 |
|a Forest and forestry
|
| 650 |
0 |
0 |
|a Mangrove---management---Johor
|
| 700 |
0 |
1 |
|a Ismail Harun
|
| 700 |
0 |
1 |
|a Lili Tokiman
|
| 700 |
0 |
1 |
|a Samsudin Musa
|
| 700 |
0 |
1 |
|a Tariq Mubarak Husin
|
| 998 |
|
|
|a JPSM
|
| 999 |
|
|
|a 007957
|b Monograph
|c Open Shelf
|e Default branch
|